Datum a čas kvízu
34
Celkem bodů
Celkový počet nahraných bodů na tomto kvízu bez doplňovacích otázek.
3.
Pořadí na kvízu
Konečné umístění týmu na tomto kvízu.
Zaznamenané odpovědi
| # | Otázka | Odpověď | Body | Výsledky |
|---|---|---|---|---|
| 1. | V pondělí jsme si připomněli 1... | Emil Boček | 0 | |
| 2. | V pátek padla jedna z poslední... | Rakousko | 1 | |
| 3. | Televizní stanice HBO připravu... | House of the Dragon/Rod draka | 0 | |
| 4. | Minulý týden byla oznámena dal... | Fitbit | 0 | |
| 5. | Český hokej má od minulého týd... | Kaufland | 0 | |
| 6. | Jako československá nová vlna... | Přelet nad kukaččím hnízdem, Amadeus | 1 | |
| 7. | Zřejmě nejpopulárnějším snímke... | dr. Ulrich | 0 | |
| 8. | Vraťme se ještě k Miloši Forma... | King Skate | 0 | |
| 9. | Do československé nové vlny js... | Herz, Jakubisko | 1 | |
| 10. | Nedávno zesnulá Vlasta Chramos... | Stanislav Milota | 1 |